Tennis par lettre - C - Statistiques

Statistiques générales
  • Ce quiz a été pris 81 fois
  • Le résultat moyen est 6 sur 10
Statistiques - réponses
Questions Réponses % Correct
De quel pays ce joueur est-il originaire ? Croatie
87%
Quel tournoi Masters 1000 aux Etats-Unis se déroule juste avant l'US Open Cincinatti
83%
Quel joueur a remporté l'US Open en 2014 face à Roger Federer ? Marin Cilic
83%
Quel joueur américain a remporté Roland-Garros en 1989 à seulement 17 ans ? Michael Chang
77%
Quel tennisman américain a remporté 5 fois l'US Open dans les années 1970 et 1980 ? Jimmy Connors
73%
Quel géante joueuse belge a remporté 4 titres du grand chelem à la fin des années 2000 ? Kim Clijsters
53%
Quel joueur américain a remporté Roland-Garros en 1992 1993 ? Jim Courier
45%
Quelle joueuse française a atteint la 11ème place mondiale en 2009 ? Alizée Cornet
44%
Quel joueuse américaine a remporté 4 grands chelems au début des années 2000 ? Jennifer Capriati
35%
Quel tennisman espagnol a remporté Roland-Garros en 2002 ? Albert Costa
33%
Aucun quiz correspondant
Distribution des résultats
% des personnes avec chaque résultat
Percentile par nombre de réponses
Votre historique - résultats
Vous n’avez pas pris ce quiz